Como redactar un contrato / (Registro nro. 20083)

Detalles MARC
000 -LEADER
fixed length control field 01177nam a2200289 4500
001 - CONTROL NUMBER
control field 0000020639
003 - CONTROL NUMBER IDENTIFIER
control field CO-CtgCURN
005 - DATE AND TIME OF LATEST TRANSACTION
control field 20250514173728.0
007 - PHYSICAL DESCRIPTION FIXED FIELD--GENERAL INFORMATION
fixed length control field ta
008 - FIXED-LENGTH DATA ELEMENTS--GENERAL INFORMATION
fixed length control field 160627s2003 000 0 eng d
020 ## - INTERNATIONAL STANDARD BOOK NUMBER
International Standard Book Number 950205312
040 ## - CATALOGING SOURCE
Original cataloging agency CO-CtgCURN
Language of cataloging spa
Transcribing agency coctgcurn
082 0# - DEWEY DECIMAL CLASSIFICATION NUMBER
Classification number 346.022
Item number A57c
100 1# - MAIN ENTRY--PERSONAL NAME
Personal name Alterini, Atilio Anibal.
245 10 - TITLE STATEMENT
Title Como redactar un contrato /
Statement of responsibility, etc. Atilio A. Alterini.
250 ## - EDITION STATEMENT
Edition statement 2a ed.
260 ## - PUBLICATION, DISTRIBUTION, ETC.
Place of publication, distribution, etc. Buenos Aires :
Name of publisher, distributor, etc. Abeledo-Perrot,
Date of publication, distribution, etc. 2003.
300 ## - PHYSICAL DESCRIPTION
Extent 136 p.
336 ## - CONTENT TYPE
Source rdacontent
337 ## - MEDIA TYPE
Source rdamedia
Media type term sin mediacion
Media type code n
338 ## - CARRIER TYPE
Source rdacarrier
Carrier type term volumen
Carrier type code nc
505 8# - FORMATTED CONTENTS NOTE
Formatted contents note Aprestandose a redactar un contrato.--Emplazamiento legal del contrato.--Presupuestos, elementos y circunstancias del contrato.--Especies de contratos.--La formacion continuada del contrato.--Componentes integrativos del contrato escrito.--Los sujetos del contrato.--Los terceros.--El objeto.--Las clausulas contractuales.--La nueva tecnología.--Ensayando la redacción
650 14 - SUBJECT ADDED ENTRY--TOPICAL TERM
Topical term or geographic name entry element Contratos.
908 ## - PUT COMMAND PARAMETER (RLIN)
Put command parameter 160627
942 ## - ADDED ENTRY ELEMENTS (KOHA)
Koha item type Libros
Classification part 346.022
Item part A57c
Source of classification or shelving scheme Dewey Decimal Classification
Suppress in OPAC No
Existencias
Withdrawn status Lost status Source of classification or shelving scheme Damaged status Not for loan Collection Home library Current library Shelving location Date acquired Inventory number Total checkouts Full call number Barcode Date last seen Copy number Price effective from Koha item type Public note
    Dewey Decimal Classification     General Miguel Henríquez Castañeda Miguel Henríquez Castañeda General 03/31/2025 005100   346.022 A57c 005100 03/31/2025 ej.1 03/31/2025 Libros 340-DEREC